EU focus on clean water
Shranjeno v:
| Korporativna značnica: | |
|---|---|
| Format: | Knjiga |
| Jezik: | angleščina |
| Izdano: |
Luxemburgo
European Communities
1999
|
| Teme: | |
| Oznake: |
Označite
Brez oznak, prvi označite!
|
MARC
| LEADER | 00000nam a2200000 a 4500 | ||
|---|---|---|---|
| 001 | UCO5692 | ||
| 003 | CL-VaPUC | ||
| 008 | 000915e19990000LU |||||||||||||||||eng|d | ||
| 082 | 0 | 4 | |a 363.7 |b EUR |2 21 |
| 110 | 2 | |a European Commission |e author |9 450466 | |
| 245 | 1 | 0 | |a EU focus on clean water |
| 300 | |a 17 p | ||
| 942 | |c BK | ||
| 945 | |d 20000915 00:00:00 |a rbrito | ||
| 260 | |a Luxemburgo |b European Communities |c 1999 | ||
| 650 | 0 | |a Protección del medio ambiente |9 257626 | |
| 650 | 0 | |a Tratamiento del agua |9 262889 | |
| 650 | 0 | |a Abastecimiento de agua |9 260374 | |
| 583 | |a last modification |c 20161003 11:33:27 |k Rodrigo Vera | ||
| 999 | |c 291532 |d 291530 | ||
| 952 | |0 0 |1 0 |4 0 |6 363_700000000000000_EUR_1999 |7 0 |8 A |9 341429 |a BIBING |b BIBING |d 2019-11-20 |i 3579735 |o 363.7 EUR 1999 |p 3579735 |r 2025-01-20 |w 2019-11-20 |y BK |k ING | ||